000 00839nam a22002297a 4500
005 20180409142616.0
010 _a1718EN-30 ENG-122524
020 _a9789383166169
_c975.00
035 _aB-682812-814 EN-106056
037 _bAakar
_adpl
037 _bDBAD/PUB.
082 _a647.9554
100 _aBhattacharya, Bhaswati
245 _aMuch ado over coffee Indian coffee house then and now /
_cby Bhaswati Bhattacharya
260 _aNew Delhi
_bSocial Science Press
_c2017
270 _a69, Jor Bagh
_bNew Delhi
_e110003
300 _a399p. :
_c22cm(pbk)
500 _aIncludes index
505 _a
942 _2ddc
_cEN
_h647.9554
_mBHA
999 _c146056
_d146056